LDR 00728naa#a2200193#i#450# 001 EN\\bibl\120690 005 20260501184705.5 011 ## _a2687-0185 100 ## _a20251202b2025####ek#y0engy0150####ca 102 ## _aRU 200 1# _aPrevention of expert errors when examining images of manuscriptsin the context of digitalization _eJournal article 210 1# _aMoscow _cMoscow University of the Ministry of Internal Affairs of Russia named after V.Ya. Kikot _d2025 215 ## _a5 с. 608 ## _aJournal article _2local 675 ## _aПраво. Юридические науки. 34 _z 700 #1 _aBobovkin _gStanislav Mihailovich 700 #1 _aBondarenko _gRoza Vatanovna 700 #1 _aDidenko _gOl'ga Aleksandrovna 856 4# _amosumvd.editorum.ru _u